| 000 | 00340 a2200133 4500 | ||
|---|---|---|---|
| 001 | 88459 | ||
| 082 | _aPR 674 | ||
| 090 |
_c41884 _d41884 |
||
| 100 | _aEjaz Yaqub | ||
| 245 | _aSupersonic double wedge for 2 x 2 wind tunnel | ||
| 260 |
_aKarachi _bUniversity of Karachi _c1972 |
||
| 300 | _a96p. | ||
| 500 | _aBE Project Reports | ||
| 942 |
_aUniversity of Karachi _kPR 674 |
||
| 999 |
_c323532 _d323532 |
||